Countries that Border Iran - Statistics

General Stats
  • This quiz has been taken 42 times
  • The average score is 6 of 7
Answer Stats
Countries % Correct
Afghanistan
98%
Iraq
98%
Pakistan
95%
Turkey
90%
Turkmenistan
90%
Armenia
85%
Azerbaijan
85%
No matching quizzes found
Score Distribution
Percent of People with Each Score
Percentile by Number Answered
Your Score History
You have not taken this quiz